header

On the formal syntax of the Westgermania (Record no. 125940)

MARC details
000 -LEADER
fixed length control field 01404nam a2200337 a 4500
245 10 - TITLE STATEMENT
Title On the formal syntax of the Westgermania
260 ## - PUBLICATION, DISTRIBUTION, ETC. (IMPRINT)
Place of publication Amsterdam ;
-- Philadelphia :
Name of publisher John Benjamins Pub. Co.,
Year of publication 1983.
300 ## - PHYSICAL DESCRIPTION
Number of Pages 242 p. :
Other physical details ill.
490 1# - SERIES STATEMENT
Series statement Linguistik aktuell (LA),
650 #0 - SUBJECT ADDED ENTRY--TOPICAL TERM
Topical Term Germanic languages
700 1# - ADDED ENTRY--PERSONAL NAME
Personal name Abraham, Werner.
856 40 - ELECTRONIC LOCATION AND ACCESS
Uniform Resource Identifier http://site.ebrary.com/lib/rucke/Doc?id=10492649

No items available.

© 2026 Rongo University
Contact us: librarian | system librarian | Rongo university